[Event "Speed Chess Q2"]
[Site "Chess.com INT"]
[Date "2022.11.12"]
[Round "1"]
[White "Tan, Zhongyi"]
[Black "Rudykh, Stepan"]
[Result "1-0"]
[WhiteElo "2514"]
[BlackElo "2218"]
[PlyCount "51"]
[EventDate "2022.11.12"]
[EventType "swiss (blitz)"]
[EventRounds "14"]
[EventCountry "USA"]
[SourceTitle "CBM 211 Extra"]
[Source "ChessBase"]
[SourceDate "2023.01.31"]
[SourceVersion "1"]
[SourceVersionDate "2023.01.31"]
[SourceQuality "1"]

1. d4 e6 2. c4 f5 3. Nc3 Nf6 4. Nf3 Be7 5. g3 0-0 6. Bg2 d6 7. 0-0 Ne4 8. Qc2 Nxc3 9. Qxc3 a5 10. Rd1 Qe8 11. b3 Nc6 12. Bb2 Bf6 13. Qd2 e5 14. dxe5 dxe5 15. e3 Be6 16. a3 g5 17. Qc2 g4 18. Ne1 e4 19. Bxf6 Rxf6 20. h4 gxh3 21. Bxh3 Rh6 22. Bg2 Qh5 23. Kf1 Ne5 24. Rd4 Nf3 25. Bxf3 exf3 26. Rh4 1-0

[Event "Titled Tuesday intern op 19th Apr Early"]
[Site "Chess.com INT"]
[Date "2022.04.19"]
[Round "2"]
[White "Lach, Aleksandra"]
[Black "Rudykh, Stepan"]
[Result "1-0"]
[WhiteElo "2202"]
[BlackElo "2218"]
[PlyCount "103"]
[EventDate "2022.04.19"]
[EventType "swiss (blitz)"]
[EventRounds "11"]
[EventCountry "USA"]
[SourceTitle "EXT 2023"]
[Source "ChessBase"]
[SourceDate "2022.10.05"]
[SourceVersion "1"]
[SourceVersionDate "2022.10.05"]
[SourceQuality "1"]

1. e4 e6 2. d3 c5 3. Nd2 Nc6 4. g3 g6 5. Bg2 Bg7 6. c3 e5 7. Ne2 Nge7 8. 0-0 d6 9. f4 0-0 10. h3 f5 11. Nc4 b5 12. Ne3 Be6 13. exf5 gxf5 14. fxe5 dxe5 15. b3 Rc8 16. Ba3 b4 17. cxb4 cxb4 18. Bb2 Qb6 19. Kf2 Bh6 20. d4 Bxe3+ 21. Kxe3 Rcd8 22. Kf2 exd4 23. Bxc6 Nxc6 24. Kg2 Bd5+ 25. Kh2 Be4 26. Nf4 Ne5 27. Qh5 Rf7 28. Rad1 Rg7 29. Rf2 d3 30. Rdf1 Qc7 31. Bxe5 Qxe5 32. Rd2 Rc8 33. Rfd1 a5 34. Qh6 Rc6 35. Qh4 Qd5 36. Nh5 Qf7 37. Nxg7 Qxg7 38. Qd8+ Qf8 39. Qd4 Qf7 40. Qe3 Qd5 41. Qg5+ Kf7 42. Qe3 Rg6 43. h4 Qe5 44. Qa7+ Kf6 45. Qe3 Kg7 46. Rxd3 f4 47. Rd7+ Kh6 48. Qxf4+ Qxf4 49. gxf4 Bf3 50. R1d6 Kh5 51. Rxg6 hxg6 52. Ra7 1-0

[Event "Titled Tuesday intern op 12th Apr Early"]
[Site "Chess.com INT"]
[Date "2022.04.12"]
[Round "3"]
[White "Ansh, M Shah"]
[Black "Rudykh, Stepan"]
[Result "0-1"]
[WhiteElo "2118"]
[BlackElo "2218"]
[PlyCount "58"]
[EventDate "2022.04.12"]
[EventType "swiss (blitz)"]
[EventRounds "11"]
[EventCountry "USA"]
[SourceTitle "CBM 207 Extra"]
[Source "ChessBase"]
[SourceDate "2022.05.31"]
[SourceVersion "1"]
[SourceVersionDate "2022.05.31"]
[SourceQuality "1"]

1. d4 e6 2. c4 f5 3. Nf3 Nf6 4. g3 Be7 5. Bg2 0-0 6. 0-0 d6 7. Nbd2 a5 8. b3 Ne4 9. Bb2 a4 10. Qc2 a3 11. Bc1 Nxd2 12. Nxd2 e5 13. dxe5 dxe5 14. c5 Nc6 15. e3 Kh8 16. Nc4 Be6 17. Rd1 Qe8 18. Nxa3 e4 19. Bb2 Nb4 20. Qe2 Bxc5 21. Nc2 Nxa2 22. Bd4 Bd6 23. h3 Bxb3 24. Bb2 Be5 25. Bxe5 Qxe5 26. Nd4 Nc3 27. Rxa8 Rxa8 28. Qe1 Nxd1 29. Qb4 Qd5 0-1

[Event "Titled Tuesday intern op 12th Apr Early"]
[Site "Chess.com INT"]
[Date "2022.04.12"]
[Round "8"]
[White "Omariev, Maksim"]
[Black "Rudykh, Stepan"]
[Result "1-0"]
[WhiteElo "2304"]
[BlackElo "2218"]
[PlyCount "59"]
[EventDate "2022.04.12"]
[EventType "swiss (blitz)"]
[EventRounds "11"]
[EventCountry "USA"]
[SourceTitle "CBM 207 Extra"]
[Source "ChessBase"]
[SourceDate "2022.05.31"]
[SourceVersion "1"]
[SourceVersionDate "2022.05.31"]
[SourceQuality "1"]

1. g4 d5 2. Bg2 Bxg4 3. c4 e6 4. Qb3 Nf6 5. cxd5 exd5 6. Nc3 Nbd7 7. Nxd5 Nc5 8. Qe3+ Be6 9. Nxf6+ Qxf6 10. d4 Nd7 11. Bxb7 Rb8 12. Bc6 Bb4+ 13. Bd2 0-0 14. Nf3 Rfe8 15. Bxb4 Rxb4 16. Qc3 Rc4 17. Qe3 Rxc6 18. d5 Rb6 19. 0-0 Rxb2 20. Kh1 Kf8 21. Qa3+ Kg8 22. dxe6 Rxe6 23. Rad1 Nf8 24. Nd4 Reb6 25. Qxa7 c5 26. Nb3 Qc6+ 27. f3 Rxe2 28. Rd8 Qh6 29. Qc7 Rd6 30. Qxd6 1-0

[Event "Titled Tuesday intern op 12th Apr Early"]
[Site "Chess.com INT"]
[Date "2022.04.12"]
[Round "4"]
[White "Rudykh, Stepan"]
[Black "Nguyen, Hong Nhung"]
[Result "1-0"]
[WhiteElo "2218"]
[BlackElo "1813"]
[PlyCount "87"]
[EventDate "2022.04.12"]
[EventType "swiss (blitz)"]
[EventRounds "11"]
[EventCountry "USA"]
[SourceTitle "CBM 207 Extra"]
[Source "ChessBase"]
[SourceDate "2022.05.31"]
[SourceVersion "1"]
[SourceVersionDate "2022.05.31"]
[SourceQuality "1"]

1. e4 c5 2. Nf3 e6 3. d4 cxd4 4. Nxd4 Nc6 5. Nc3 Qc7 6. Nxc6 bxc6 7. Bd3 d5 8. 0-0 Nf6 9. Bg5 Be7 10. Qe2 d4 11. Nd1 c5 12. f4 Bb7 13. f5 e5 14. Nf2 0-0-0 15. a3 h6 16. Bd2 Kb8 17. b4 Rc8 18. Bc4 cxb4 19. Bxf7 bxa3 20. Be6 Rcd8 21. Rfb1 Ka8 22. Bb4 Bxb4 23. Rxb4 Rd6 24. Rxa3 Rb6 25. Rba4 Bc6 26. Rxa7+ Qxa7 27. Rxa7+ Kxa7 28. h3 Rb1+ 29. Kh2 Rhb8 30. Qc4 Bb5 31. Qc7+ Rb7 32. Qa5+ Ba6 33. Qc5+ Kb8 34. Qf8+ Ka7 35. Qd6 R1b5 36. Bc4 Ra5 37. Bxa6 Rxa6 38. Qxe5 Rd7 39. Qc5+ Kb7 40. Qb5+ Rb6 41. Qa5 Rc6 42. e5 Nd5 43. Qb5+ Rb6 44. Qxd7+ 1-0

[Event "Titled Tuesday intern op 12th Apr Early"]
[Site "Chess.com INT"]
[Date "2022.04.12"]
[Round "2"]
[White "Rudykh, Stepan"]
[Black "Shtyka, Sergey"]
[Result "0-1"]
[WhiteElo "2218"]
[BlackElo "2154"]
[PlyCount "56"]
[EventDate "2022.04.12"]
[EventType "swiss (blitz)"]
[EventRounds "11"]
[EventCountry "USA"]
[SourceTitle "CBM 207 Extra"]
[Source "ChessBase"]
[SourceDate "2022.05.31"]
[SourceVersion "1"]
[SourceVersionDate "2022.05.31"]
[SourceQuality "1"]

1. e4 c5 2. Nf3 d6 3. d4 cxd4 4. Nxd4 Nf6 5. Nc3 g6 6. Be3 Bg7 7. f3 0-0 8. Qd2 Nc6 9. g4 Be6 10. h4 Nxd4 11. Bxd4 Qa5 12. h5 Rac8 13. hxg6 fxg6 14. Qh2 Rf7 15. 0-0-0 Bxa2 16. Nxa2 Qxa2 17. Bd3 a5 18. f4 Bh8 19. g5 Nh5 20. Bxh8 Kxh8 21. f5 Qa1+ 22. Kd2 Qxb2 23. Rb1 Qc3+ 24. Kd1 Rc7 25. Rb3 Qd4 26. fxg6 hxg6 27. e5 Rf2 28. Qg1 Qa1+ 0-1

[Event "Titled Tuesday intern op 29th Mar Late"]
[Site "Chess.com INT"]
[Date "2022.03.29"]
[Round "1"]
[White "Barria Zuniga, Daniel"]
[Black "Rudykh, Stepan"]
[Result "0-1"]
[WhiteElo "2341"]
[BlackElo "2218"]
[PlyCount "70"]
[EventDate "2022.03.29"]
[EventType "swiss (blitz)"]
[EventRounds "11"]
[EventCountry "USA"]
[SourceTitle "CBM 207 Extra"]
[Source "ChessBase"]
[SourceDate "2022.05.31"]
[SourceVersion "1"]
[SourceVersionDate "2022.05.31"]
[SourceQuality "1"]

1. d4 e6 2. c4 f5 3. Nf3 Nf6 4. g3 Be7 5. Bg2 0-0 6. 0-0 d6 7. b4 a5 8. b5 Ne4 9. a4 Bf6 10. e3 e5 11. Qc2 Qe8 12. Nbd2 Nxd2 13. Bxd2 Qh5 14. Bc3 Nd7 15. Rad1 g5 16. Qxf5 Nb6 17. Qd3 Bg4 18. dxe5 dxe5 19. Qe4 Rae8 20. c5 Nd7 21. Rxd7 Bxd7 22. Qxb7 Bg4 23. Qd5+ Be6 24. Qe4 g4 25. Nxe5 Bf5 26. Qd5+ Be6 27. Qe4 Bf5 28. Qc4+ Be6 29. Bd5 Bxd5 30. Qxd5+ Kg7 31. Qd7+ Re7 32. Qxg4+ Qxg4 33. Nxg4 Bxc3 34. Rc1 Bb4 35. Rc4 h5 0-1

[Event "Titled Tuesday intern op 29th Mar Late"]
[Site "Chess.com INT"]
[Date "2022.03.29"]
[Round "7"]
[White "Rudykh, Stepan"]
[Black "Miszler, Levente"]
[Result "0-1"]
[WhiteElo "2218"]
[BlackElo "2228"]
[PlyCount "90"]
[EventDate "2022.03.29"]
[EventType "swiss (blitz)"]
[EventRounds "11"]
[EventCountry "USA"]
[SourceTitle "CBM 207 Extra"]
[Source "ChessBase"]
[SourceDate "2022.05.31"]
[SourceVersion "1"]
[SourceVersionDate "2022.05.31"]
[SourceQuality "1"]

1. e4 e6 2. d4 d5 3. Nd2 f5 4. exf5 exf5 5. Ngf3 Nf6 6. c4 c6 7. Bd3 Bd6 8. 0-0 0-0 9. c5 Bc7 10. b4 Ne4 11. a4 Nd7 12. b5 Ndf6 13. Qb3 Kh8 14. Ne5 Qe8 15. Ndf3 Ng4 16. h3 Nxe5 17. Nxe5 Bxe5 18. dxe5 Qxe5 19. Bb2 Qe7 20. Bxe4 fxe4 21. Bd4 Be6 22. f3 Qh4 23. fxe4 Qxe4 24. Qe3 Qxe3+ 25. Bxe3 Bf5 26. Bf4 g6 27. Be5+ Kg8 28. g4 Bd3 29. Rxf8+ Rxf8 30. Rd1 Bc2 31. Ra1 Re8 32. Bd6 Re2 33. bxc6 bxc6 34. Rf1 Bxa4 35. Rf8+ Kg7 36. Ra8 d4 37. Rxa7+ Kf6 38. Rxa4 d3 39. Rd4 d2 40. Rxd2 Rxd2 41. Kf1 Ke6 42. Bg3 Ra2 43. Bf2 Kd5 44. Be3 Ke4 45. Bf2 Kf3 0-1

[Event "Titled Tuesday intern op 22 Mar Late"]
[Site "Chess.com INT"]
[Date "2022.03.22"]
[Round "6"]
[White "Petrova, Irina"]
[Black "Rudykh, Stepan"]
[Result "0-1"]
[WhiteElo "2127"]
[BlackElo "2218"]
[PlyCount "80"]
[EventDate "2022.03.22"]
[EventType "swiss (blitz)"]
[EventRounds "11"]
[EventCountry "USA"]
[SourceTitle "CBM 207 Extra"]
[Source "ChessBase"]
[SourceDate "2022.05.31"]
[SourceVersion "1"]
[SourceVersionDate "2022.05.31"]
[SourceQuality "1"]

1. e4 e6 2. d4 d5 3. Nc3 Bb4 4. Nge2 dxe4 5. a3 Bxc3+ 6. Nxc3 c5 7. Bb5+ Nc6 8. Bxc6+ bxc6 9. dxc5 Qxd1+ 10. Kxd1 f5 11. Bf4 Nf6 12. Ke2 Ba6+ 13. Ke1 0-0 14. Rd1 Rfd8 15. Rd6 Rxd6 16. Bxd6 g5 17. h4 h6 18. hxg5 hxg5 19. Be5 Kf7 20. Rh6 Ng4 21. Rh7+ Kg6 22. Rh8 Rxh8 23. Bxh8 e5 24. f3 exf3 25. gxf3 Nh2 26. Kf2 e4 27. fxe4 f4 28. e5 Bc4 29. Ne4 g4 30. b3 Be6 31. a4 Bf5 32. Nd6 Bxc2 33. e6 Bxb3 34. e7 Bf7 35. Be5 g3+ 36. Kg2 Bd5+ 37. Kh3 Be6+ 38. Kg2 Bd5+ 39. Kh3 Be6+ 40. Kh4 Nf3# 0-1

[Event "Titled Tuesday intern op 22 Mar Early"]
[Site "Chess.com INT"]
[Date "2022.03.22"]
[Round "7"]
[White "Rudykh, Stepan"]
[Black "Thomas, Anysia"]
[Result "1-0"]
[WhiteElo "2218"]
[BlackElo "2128"]
[PlyCount "119"]
[EventDate "2022.03.22"]
[EventType "swiss (blitz)"]
[EventRounds "11"]
[EventCountry "USA"]
[SourceTitle "CBM 207 Extra"]
[Source "ChessBase"]
[SourceDate "2022.05.31"]
[SourceVersion "1"]
[SourceVersionDate "2022.05.31"]
[SourceQuality "1"]

1. e4 c5 2. Nf3 g6 3. d4 cxd4 4. Nxd4 Nc6 5. Nc3 Bg7 6. Be3 Nf6 7. Bc4 0-0 8. Bb3 d6 9. f3 Qa5 10. Qd2 a6 11. g4 Nxd4 12. Bxd4 Be6 13. Bxe6 fxe6 14. h4 e5 15. Be3 Rac8 16. h5 Kf7 17. hxg6+ hxg6 18. g5 Nh5 19. 0-0-0 Rc6 20. Kb1 e6 21. Ne2 Qxd2 22. Rxd2 Rfc8 23. Rhd1 Bf8 24. c3 b5 25. Nc1 a5 26. Nb3 a4 27. Nc1 Rc4 28. Ne2 Be7 29. b3 axb3 30. axb3 R4c6 31. Ra2 R8c7 32. Kb2 b4 33. c4 Bf8 34. Ra8 Bg7 35. Rd8 d5 36. exd5 exd5 37. R1xd5 e4+ 38. Bd4 Bxd4+ 39. Nxd4 exf3 40. Nxf3 Re6 41. Ne5+ Kg7 42. R5d7+ Re7 43. Rxc7 Rxc7 44. Rd7+ Rxd7 45. Nxd7 Ng3 46. c5 Ne4 47. c6 Nd6 48. Nb6 Ne8 49. Nd5 Nd6 50. c7 Nc8 51. Nxb4 Kf7 52. Na6 Ke6 53. b4 Kf5 54. b5 Kxg5 55. Nb4 Kf4 56. Nd5+ Ke5 57. b6 Kxd5 58. b7 Nd6 59. b8Q g5 60. c8Q 1-0

[Event "Titled Tuesday intern op 22 Mar Late"]
[Site "Chess.com INT"]
[Date "2022.03.22"]
[Round "10"]
[White "Rudykh, Stepan"]
[Black "Zanette, Edgard Vinicius"]
[Result "1-0"]
[WhiteElo "2218"]
[BlackElo "2115"]
[PlyCount "81"]
[EventDate "2022.03.22"]
[EventType "swiss (blitz)"]
[EventRounds "11"]
[EventCountry "USA"]
[SourceTitle "CBM 207 Extra"]
[Source "ChessBase"]
[SourceDate "2022.05.31"]
[SourceVersion "1"]
[SourceVersionDate "2022.05.31"]
[SourceQuality "1"]

1. e4 c5 2. Nf3 d6 3. d4 cxd4 4. Nxd4 Nf6 5. Nc3 a6 6. Be3 e5 7. Nb3 Be7 8. h3 0-0 9. g4 Be6 10. g5 Nfd7 11. h4 Nc6 12. Qf3 f5 13. gxf6 Nxf6 14. Bh3 Ng4 15. Qg3 h5 16. Bxg4 Bxg4 17. Nd5 Rf3 18. Qh2 Rh3 19. Qg1 Rxh1 20. Qxh1 Bxh4 21. Kd2 Bg5 22. Rg1 Bxe3+ 23. Nxe3 Nd4 24. Nxg4 Nxb3+ 25. axb3 hxg4 26. Rxg4 Qa5+ 27. c3 Rf8 28. Qg2 Rf7 29. Rg6 Qb6 30. f3 Qxb3 31. Kc1 Qa2 32. Rxd6 Qa1+ 33. Kc2 Qa4+ 34. Kb1 Qe8 35. Qg5 Re7 36. Qf5 Rf7 37. Qg5 Re7 38. Rd5 b5 39. Qf5 Re6 40. Rc5 Qd7 41. Kc2 1-0

[Event "Titled Tuesday intern op 01st Mar Late"]
[Site "Chess.com INT"]
[Date "2022.03.01"]
[Round "9"]
[White "Martins, Carlos"]
[Black "Rudykh, Stepan"]
[Result "1-0"]
[WhiteElo "2231"]
[BlackElo "2218"]
[PlyCount "39"]
[EventDate "2022.03.01"]
[EventType "swiss (blitz)"]
[EventRounds "11"]
[EventCountry "USA"]
[SourceTitle "CBM 207 Extra"]
[Source "ChessBase"]
[SourceDate "2022.05.31"]
[SourceVersion "1"]
[SourceVersionDate "2022.05.31"]
[SourceQuality "1"]

1. e4 e6 2. d4 d5 3. Nc3 Bb4 4. e5 c5 5. Bd2 Ne7 6. a3 Bxc3 7. Bxc3 cxd4 8. Qxd4 Nbc6 9. Qg4 0-0 10. Nf3 Ng6 11. Bd3 Qc7 12. Bxg6 fxg6 13. 0-0-0 b5 14. h4 a5 15. h5 gxh5 16. Qxh5 g6 17. Qh6 b4 18. Bd2 bxa3 19. bxa3 Nxe5 20. Nxe5 1-0

[Event "Titled Tuesday intern op 01st Mar Late"]
[Site "Chess.com INT"]
[Date "2022.03.01"]
[Round "10"]
[White "Rudykh, Stepan"]
[Black "Zhou, Qiyu"]
[Result "1-0"]
[WhiteElo "2218"]
[BlackElo "2218"]
[PlyCount "64"]
[EventDate "2022.03.01"]
[EventType "swiss (blitz)"]
[EventRounds "11"]
[EventCountry "USA"]
[SourceTitle "CBM 207 Extra"]
[Source "ChessBase"]
[SourceDate "2022.05.31"]
[SourceVersion "1"]
[SourceVersionDate "2022.05.31"]
[SourceQuality "1"]

1. e4 c5 2. Nf3 d6 3. d4 cxd4 4. Nxd4 Nf6 5. Nc3 Nc6 6. Bg5 e5 7. Ndb5 a6 8. Na3 b5 9. Nd5 Be7 10. Bxf6 Bxf6 11. c3 0-0 12. Nc2 Bg5 13. a4 Rb8 14. axb5 axb5 15. Ncb4 Nxb4 16. Nxb4 Bb7 17. Nd5 f5 18. exf5 Rxf5 19. Bxb5 Kh8 20. 0-0 e4 21. Bc4 Bh4 22. Ne3 Rf6 23. Bd5 Bc8 24. Bxe4 Rxb2 25. Nc2 Qf8 26. g3 Bg5 27. Ra8 Rb3 28. Qh5 Bh6 29. Ne3 g6 30. Qh4 Bxe3 31. Rxc8 Bxf2+ 32. Rxf2 Rxf2 1-0

[Event "Titled Tuesday intern op 01st Mar Late"]
[Site "Chess.com INT"]
[Date "2022.03.01"]
[Round "7"]
[White "Vargas Pereda, Jesus Manuel"]
[Black "Rudykh, Stepan"]
[Result "0-1"]
[WhiteElo "2006"]
[BlackElo "2218"]
[PlyCount "82"]
[EventDate "2022.03.01"]
[EventType "swiss (blitz)"]
[EventRounds "11"]
[EventCountry "USA"]
[SourceTitle "CBM 207 Extra"]
[Source "ChessBase"]
[SourceDate "2022.05.31"]
[SourceVersion "1"]
[SourceVersionDate "2022.05.31"]
[SourceQuality "1"]

1. d4 e6 2. Bf4 f5 3. e3 Nf6 4. Nf3 Be7 5. g3 0-0 6. Bg2 d6 7. h4 Ne4 8. Nbd2 Bf6 9. Ng5 Nxd2 10. Qxd2 e5 11. Bd5+ Kh8 12. Nf7+ Rxf7 13. Bxf7 exf4 14. gxf4 Qe7 15. Bb3 a5 16. a3 a4 17. Ba2 Nc6 18. 0-0-0 b5 19. Qe2 Nxd4 20. Qf1 Ne6 21. Qxb5 Bd7 22. Qb7 Qd8 23. c3 Rb8 24. Qf3 Qe8 25. h5 Nc5 26. h6 g6 27. Bd5 c6 28. Ba2 d5 29. Qe2 Bc8 30. f3 Ba6 31. Qf2 Nd3+ 32. Rxd3 Bxd3 33. Qd2 Ba6 34. Re1 Qf8 35. e4 fxe4 36. fxe4 dxe4 37. Rxe4 Rd8 38. Qe1 Bd3 39. Re6 Bf5 40. Rxc6 Qxh6 41. Qe3 Qh1+ 0-1

[Event "Titled Tuesday intern op 22nd Feb Early"]
[Site "Chess.com INT"]
[Date "2022.02.22"]
[Round "4"]
[White "Rudykh, Stepan"]
[Black "Danaci, Ege"]
[Result "1-0"]
[WhiteElo "2218"]
[BlackElo "2264"]
[PlyCount "51"]
[EventDate "2022.02.22"]
[EventType "swiss (blitz)"]
[EventRounds "11"]
[EventCountry "USA"]
[SourceTitle "CBM 207 Extra"]
[Source "ChessBase"]
[SourceDate "2022.05.31"]
[SourceVersion "1"]
[SourceVersionDate "2022.05.31"]
[SourceQuality "1"]

1. e4 c5 2. Nf3 e6 3. d4 cxd4 4. Nxd4 a6 5. Bd3 b5 6. 0-0 Bb7 7. a4 b4 8. Qe2 Nf6 9. Kh1 e5 10. Nf3 d6 11. Rd1 Nbd7 12. Bc4 Nxe4 13. Nbd2 Nxd2 14. Bxd2 Be7 15. Bxb4 Qb6 16. c3 a5 17. Ba3 0-0 18. Rd2 Nc5 19. Rad1 Ne4 20. Rc2 Rfd8 21. Nxe5 dxe5 22. Rxd8+ Rxd8 23. Bxe7 Nxf2+ 24. Qxf2 Rd1+ 25. Bf1 Ba6 26. Qxb6 1-0

[Event "Titled Tuesday intern op 22nd Feb Early"]
[Site "Chess.com INT"]
[Date "2022.02.22"]
[Round "9"]
[White "Rudykh, Stepan"]
[Black "Oro, Luis"]
[Result "0-1"]
[WhiteElo "2218"]
[BlackElo "2255"]
[PlyCount "44"]
[EventDate "2022.02.22"]
[EventType "swiss (blitz)"]
[EventRounds "11"]
[EventCountry "USA"]
[SourceTitle "CBM 207 Extra"]
[Source "ChessBase"]
[SourceDate "2022.05.31"]
[SourceVersion "1"]
[SourceVersionDate "2022.05.31"]
[SourceQuality "1"]

1. e4 e5 2. Nf3 Nc6 3. Bb5 a6 4. Ba4 Nf6 5. d4 b5 6. Bb3 Nxe4 7. 0-0 d5 8. Nc3 Nxc3 9. bxc3 e4 10. Re1 Be7 11. Ne5 Nxe5 12. dxe5 Be6 13. f3 c5 14. a4 exf3 15. axb5 c4 16. Ba4 Bc5+ 17. Be3 Bxe3+ 18. Rxe3 fxg2 19. bxa6+ Kf8 20. Bc6 Qb6 21. Bxa8 Qxe3+ 22. Kxg2 Bh3+ 0-1

[Event "Titled Tuesday intern op 08th Feb Late"]
[Site "Chess.com INT"]
[Date "2022.02.08"]
[Round "5"]
[White "Rudzinska, Michalina"]
[Black "Rudykh, Stepan"]
[Result "1-0"]
[WhiteElo "2211"]
[BlackElo "2218"]
[PlyCount "71"]
[EventDate "2022.02.08"]
[EventType "swiss (blitz)"]
[EventRounds "11"]
[EventCountry "USA"]
[SourceTitle "CBM 206 Extra"]
[Source "ChessBase"]
[SourceDate "2022.03.31"]
[SourceVersion "1"]
[SourceVersionDate "2022.03.31"]
[SourceQuality "1"]

1. e4 e6 2. d4 d5 3. Nd2 Nf6 4. e5 Nfd7 5. Bd3 c5 6. c3 Nc6 7. Ne2 cxd4 8. cxd4 f6 9. exf6 Nxf6 10. Nf3 Bd6 11. 0-0 Qc7 12. g3 0-0 13. Bf4 Bd7 14. Bxd6 Qxd6 15. Nc3 a6 16. Re1 Be8 17. Ne5 Nxd4 18. Bxh7+ Nxh7 19. Qxd4 Rc8 20. Rad1 Bh5 21. g4 Be8 22. Re3 Qc5 23. Qxc5 Rxc5 24. Nd3 Rc4 25. Ne5 Rcf4 26. f3 Ng5 27. Ne2 Nxf3+ 28. Kg2 Nh4+ 29. Kg3 g5 30. Nxf4 Rxf4 31. Nf3 Nxf3 32. Rxf3 Rxf3+ 33. Kxf3 Kf7 34. Ke3 Kf6 35. Kd4 Bb5 36. Rd2 1-0

[Event "Titled Tuesday intern op 08th Feb Early"]
[Site "Chess.com INT"]
[Date "2022.02.08"]
[Round "5"]
[White "Yanayt, Eugene"]
[Black "Rudykh, Stepan"]
[Result "1-0"]
[WhiteElo "2073"]
[BlackElo "2218"]
[PlyCount "61"]
[EventDate "2022.02.08"]
[EventType "swiss (blitz)"]
[EventRounds "11"]
[EventCountry "USA"]
[SourceTitle "CBM 206 Extra"]
[Source "ChessBase"]
[SourceDate "2022.03.31"]
[SourceVersion "1"]
[SourceVersionDate "2022.03.31"]
[SourceQuality "1"]

1. d4 e6 2. g3 f5 3. Bg2 Nf6 4. Nh3 d6 5. 0-0 Be7 6. Nd2 e5 7. Nc4 e4 8. f3 Be6 9. Ne3 d5 10. Nf4 Bf7 11. Nxf5 0-0 12. fxe4 dxe4 13. Nxe7+ Qxe7 14. e3 Bc4 15. Rf2 a5 16. b3 Ba6 17. c4 Nc6 18. Bb2 Rad8 19. a3 Ne5 20. h3 b5 21. Rc1 bxc4 22. bxc4 Nxc4 23. Qb3 Qf7 24. d5 Ne5 25. Bxe5 Rfe8 26. Rxc7 Qf8 27. d6+ Kh8 28. Ne6 Rxe6 29. Qxe6 Rb8 30. Rxf6 Rb1+ 31. Kh2 1-0

[Event "Titled Tuesday intern op 08th Feb Late"]
[Site "Chess.com INT"]
[Date "2022.02.08"]
[Round "7"]
[White "Zhou, Qiyu"]
[Black "Rudykh, Stepan"]
[Result "1-0"]
[WhiteElo "2218"]
[BlackElo "2218"]
[PlyCount "73"]
[EventDate "2022.02.08"]
[EventType "swiss (blitz)"]
[EventRounds "11"]
[EventCountry "USA"]
[SourceTitle "CBM 206 Extra"]
[Source "ChessBase"]
[SourceDate "2022.03.31"]
[SourceVersion "1"]
[SourceVersionDate "2022.03.31"]
[SourceQuality "1"]

1. e4 e6 2. d4 d5 3. Nc3 Bb4 4. e5 c5 5. a3 Bxc3+ 6. bxc3 Ne7 7. h4 Qa5 8. Bd2 Qa4 9. Nf3 h6 10. h5 b6 11. Rh4 Nd7 12. Rf4 Ba6 13. Nh4 Bxf1 14. Kxf1 cxd4 15. cxd4 Rc8 16. c3 Qxd1+ 17. Rxd1 Rc4 18. Re1 0-0 19. Rg4 Kh7 20. Re3 g5 21. hxg6+ fxg6 22. Rf3 g5 23. Rxf8 Nxf8 24. Nf3 Nc6 25. Rg3 Na5 26. Rh3 Kg6 27. Ke2 Nb3 28. Kd3 Ra4 29. Nh2 Rxa3 30. Rf3 Kg7 31. Ng4 Nxd2 32. Kxd2 Ng6 33. g3 b5 34. Rf6 Ra6 35. Ne3 Rc6 36. Nf5+ Kh7 37. Nd6 1-0

[Event "Titled Tuesday intern op 18th Jan"]
[Site "Chess.com INT"]
[Date "2022.01.18"]
[Round "10"]
[White "Ince, Safiye Oyku"]
[Black "Rudykh, Stepan"]
[Result "0-1"]
[WhiteElo "1893"]
[BlackElo "2218"]
[PlyCount "78"]
[EventDate "2022.01.18"]
[EventType "swiss (blitz)"]
[EventRounds "11"]
[EventCountry "USA"]
[SourceTitle "CBM 206 Extra"]
[Source "ChessBase"]
[SourceDate "2022.03.31"]
[SourceVersion "1"]
[SourceVersionDate "2022.03.31"]
[SourceQuality "1"]

1. e4 e6 2. d4 d5 3. Nd2 Nf6 4. e5 Nfd7 5. f4 c5 6. c3 Nc6 7. Ndf3 cxd4 8. cxd4 a5 9. a3 a4 10. g3 Nb6 11. Bg2 Na5 12. Ne2 Nb3 13. Rb1 Bd7 14. Nc3 Nc4 15. 0-0 b5 16. f5 Qb6 17. fxe6 fxe6 18. Kh1 0-0-0 19. Bg5 Re8 20. Qd3 h6 21. Bc1 g5 22. Rd1 Be7 23. Ne2 Ref8 24. Nd2 Nca5 25. Nxb3 Nxb3 26. Bd2 Kb8 27. Bb4 Bxb4 28. axb4 Rf2 29. Rf1 Rhf8 30. Rxf2 Rxf2 31. Kg1 Rf8 32. Rf1 Rxf1+ 33. Bxf1 Qd8 34. Qc3 Qf8 35. Kg2 g4 36. Nf4 Qf5 37. Bd3 Qg5 38. Be2 h5 39. Qc2 Nxd4 0-1

[Event "Titled Tuesday intern op 18th Jan"]
[Site "Chess.com INT"]
[Date "2022.01.18"]
[Round "7"]
[White "Korkmaz, Necmettin"]
[Black "Rudykh, Stepan"]
[Result "1-0"]
[WhiteElo "2076"]
[BlackElo "2218"]
[PlyCount "53"]
[EventDate "2022.01.18"]
[EventType "swiss (blitz)"]
[EventRounds "11"]
[EventCountry "USA"]
[SourceTitle "CBM 206 Extra"]
[Source "ChessBase"]
[SourceDate "2022.03.31"]
[SourceVersion "1"]
[SourceVersionDate "2022.03.31"]
[SourceQuality "1"]

1. e4 e6 2. d3 c5 3. Nf3 Nc6 4. Nbd2 g6 5. g3 Bg7 6. Bg2 Nge7 7. 0-0 0-0 8. Re1 e5 9. Nc4 d6 10. Ne3 h6 11. Nd5 f5 12. c3 Be6 13. Nh4 g5 14. Nxf5 Nxf5 15. exf5 Bxf5 16. Qb3 Na5 17. Qb5 a6 18. Qb6 Qxb6 19. Nxb6 Rad8 20. Bd5+ Kh8 21. Be4 d5 22. Nxd5 Rxd5 23. Bxd5 Bxd3 24. Be4 Bb5 25. b3 c4 26. b4 Nc6 27. a4 1-0